000 00744nam a22002177a 4500
999 _c165992
_d165992
005 20190711104302.0
010 _aB-728450
020 _a9789352535354
_c655.00
035 _aB-728450
037 _bRK Books
_adpl
082 _a480
100 _aAggarwal,R.S.
245 _aObjective general english /
_cby R.S. Aggarwal [and] Vikas Aggarwal
250 _arev. ed
260 _aNew Delhi
_bS. Chand
_c2017
270 _a7361, Ram Nagar
_bNew Delhi
_e110055
300 _a716p.
_c23cm(pbk)
700 _aAggarwal, Vikas
942 _2ddc
_cEN
_h480
_mAGG